000 00334nam a2200145Ia 4500
005 20251222153623.0
008 251222s9999||||xx |||||||||||||| ||spa||
020 _a9788408090205
082 _a813.6/D86
100 _aDoestsch, Richard
245 0 _aLos Ladrones del Cielo
250 _a1ra.ed.
264 _bPlaneta
942 _cLIB
999 _c32049
_d32049